000 01301nam a22003617a 4500
001 0008405
003 KOHA_MİRAKIL
005 20260207001633.0
007 ta
008 091009b2007 tu |||gr||||#0|||0|tur |
020 _a978975161989
_qTk. 9789751619907
_qc.1
_cTL35
040 _aTR-BiSEU
_btur
_cTR-BiSEU
_erda
041 0 _atur
044 _ctu
050 _aDR741.K34
_bO95 2007
100 1 _aÖzkarcı, Mehmet.
245 1 _aTürk kültür varlıkları envanteri :
_bKahramanmaraş 46 /
_cMehmet Özkarcı ; Mehmet Özkarcı.
264 1 _aAnkara :
_bTürk Tarih Kurumu
_c2007
300 _ac.: resimli; 28 cm.
336 _ametin
_btxt
_2rdacontent
337 _aaracısız
_bn
_2rdamedia
338 _acilt
_bnc
_2rdacarrier
490 1 _aAtatürk Kültür,Dil ve Tarih Yüksek Kurumu Türk Tarih Kurumu yayınları ;
_vXXIII.
490 1 _aDizi-sayı ;
_v11-a.
500 _aKaynakça ve dizin var.
650 0 _aEski eserler--Kahramanmaraş--Türkiye.
_920924
650 0 _aYapılar--Kahramanmaraş--Türkiye.
_920925
650 0 _aMimari eserler--Kahramanmaraş--Türkiye.
_920926
830 1 _aAtatürk Kültür,Dil ve Tarih Yüksek Kurumu Türk Tarih Kurumu yayınları ;
_vXXIII.
_920873
830 1 _aDizi-sayı ;
_v11-a.
_916290
907 _aTarih
942 _2lcc
_cBK
999 _c8377
_d8377